00947nam a2200241Ia 4500001000600000003000900006008004100015040001300056040001300069041001300082100002300095100002900118245003000147245006300177250001100240260000900251260001200260260004900272300005900321500027000380650002400650650003100674G7402IT-RoPAU130308s9999 xx 000 0 und d aIT-RoPAU cIT-RoPAU aITALIANO aMontanari Federico gCodice Aut. SPICS: 54968 aDall'oggetto al fatticcio bC'Era una Volta Il Telefonino. un'indagine Socio-Semiotica a1a ed. aROMA bMeltemi c1999 [1° Ed.:1999 - Ed.Ling.Originale:1999] a"23 p. (prefazione: no ; testo: 23 [pagine: 169-191])" aOggetto e Mondo: Oggetti Multipli, Dall'Intersoggettività All'Inter Oggettività. tre Piani dell'Oggetto: livello Configurativo, livello Tassico, sotto livello Ergonomico. Bricolage. L'Ibrido Parlante: Standing, Gadgetizzazione, micro Gestualità. Valori Guida. aSAGGI DI SEMIOLOGIA eCodice materia Spics: 3257